000 01077nam a2200277 a 4500
003 DO-SdBNP
005 20260305073959.0
007 ta
008 220405e2014 dr ao||fr|||| 001 e spa d
020 _a9789945080636
040 _aDO-SdBNP
_bspa
_cBNPHU
082 4 _222
_bV179m
245 1 0 _aManuel Valldeperes:
_bsu contribución al periodismo, las artes y las letras dominicanas (1945- 1969) /
_cCompilación, estudio y notas, Cándido Gerón.
260 _a[Santo Domingo] :
_bCentenario,
_c2014
300 _a999 p. :
_bil., fotorgr. ;
_c23 cm.
500 _aIncluye datos biográficos del compilador en la solapa de la cubierta.
500 _aIncluye biografía y notas al pié de página.
501 _aIncluye índice onomástico: p. 97- 99
590 _aInventariado 2022 / MF
600 4 _962113
_aValldeperes, Manuel,
_d1902-
_xRepública Dominicana
650 4 _958
_aPeriodismo
_vEnsayos, Conferencias, etc.
650 4 _97124
_aArte dominicano
_xHistoria y Crítica
700 1 _aGerón, Candido,
_d1948-
_ecomp.
_93577
910 _aMFeliz
942 _2ddc
_cLBS1
999 _c51466
_d51466